Young Multi - AK47 - Statystyki

Ogólne statystyki
  • Ten quiz został rozwiązany 99 razy
  • Średni wynik to 363 z 498
Statystyki odpowiedzi
Odpowiedź % Poprawnych
A
99%
AK-47
99%
w
99%
Chcemy
97%
chcemy
97%
Nie
97%
nie
97%
na
96%
Na
96%
Glock
94%
i
94%
I
94%
mnie
94%
FAMAS
93%
dla
91%
karabiny
91%
Kiedy
90%
się
90%
Się
90%
z
90%
patrzysz
89%
siebie
89%
Mój
87%
wiem
87%
łapy
86%
mi
86%
o
84%
rodziny
84%
braci
83%
chciałabyś
83%
duże
83%
mieć
81%
więc
81%
chcesz
80%
nami
80%
próbuj
79%
to
79%
braciak
77%
jak
77%
kurwa
77%
tykać
77%
Za
77%
ma
74%
on
74%
fanki
73%
im
73%
moje
73%
orgazmy
73%
Moi
71%
tylko
71%
Tylko
71%
wrogów
71%
dymu
70%
imię
70%
jest
70%
największe
70%
no
70%
od
70%
piękne
70%
70%
bo
69%
trackach
69%
Interesują
67%
krzyczą
67%
mop
67%
niepotrzebne
67%
śmieszne
67%
we
67%
wrogowie
67%
czyszczę
66%
panny
66%
scenę
66%
matki
64%
Mówią
64%
wiedzą
64%
znowu
64%
Black
63%
black
63%
mam
63%
Oni
63%
więcej
63%
do
61%
głośno
60%
go
60%
już
59%
każdy
59%
mojej
59%
pierdolony
59%
spadochron
59%
sukę
59%
Twój
59%
czynszu
57%
odcięli
57%
Otwórz
57%
płacenia
57%
proszę
57%
przy
57%
stracił
57%
styl
57%
swój
57%
Taki
57%
taki
57%
wyjściu
57%
YFL
57%
bez
56%
Gettin
56%
gettin
56%
głowach
56%
łeb
56%
zablokowałem
56%
Zamieszkałem
56%
żeby
56%
żebym
56%
ale
54%
cash
54%
jakby
54%
krwi
54%
kurwy
54%
płynął
54%
Twoją
54%
vibe
54%
waszych
54%
yeah
54%
bungee
53%
chcieli
53%
tron
53%
góry
51%
Lambo
51%
chuj
50%
full
50%
jeden
50%
lean
50%
ojca
50%
paychecki
50%
Sorry
50%
Spadłem
50%
Żadne
50%
zawinie
50%
auto
49%
Cały
49%
crib
49%
jeśli
49%
klub
49%
nich
49%
serce
49%
skacze
49%
zapomnij
49%
czasu
47%
matkę
47%
Poleci
47%
przeproś
47%
swego
47%
teraz
47%
Teraz
47%
klękali
46%
kurtkę
46%
mych
46%
węże
46%
fali
44%
label
44%
luzie
44%
pały
44%
Potrzebuję
44%
prują
44%
rękę
44%
spojrzał
44%
ujebały
44%
wyprzedany
44%
Zawsze
44%
numer
43%
czują
41%
konto
41%
oczy
41%
Usuń
41%
chłodniejsze
40%
ciepłą
40%
mały
40%
odpoczywać
40%
stale
40%
daje
39%
DM-ach
39%
ekspertem
39%
ich
39%
Let's
39%
mu
39%
szacunek
39%
zaufam
39%
hajs
37%
herezję
37%
ludziom
37%
prezencję
37%
zdobyć
37%
był
36%
ego
36%
tryhardują
36%
Grand
34%
klipach
34%
clout
33%
dziś
33%
stanie
33%
wchodzimy
33%
boostujecie
30%
Cherokee
30%
uh
30%
5.56
21%
wygłoszoną
10%
Nie znaleziono quizów pasujących do podanych kryteriów
Rozkład punktacji
Procent ludzi z każdym wynikiem
Percentyl według liczby udzielonych odpowiedzi
Twoja historia wyników
Nie rozwiązałeś tego quizu